| 000 | 00960nam a2200289 a 4500 | ||
|---|---|---|---|
| 001 | 20132 | ||
| 003 | BD-RjUL | ||
| 005 | 20211209000526.0 | ||
| 008 | 140226s1971 enk b 000 1 eng d | ||
| 020 | _a0192553429 | ||
| 035 |
_a(BD-RjUL)20194 _a(OCoLC)141411 |
||
| 040 |
_aDLC _cDLC _dBD-RjUL _beng |
||
| 041 | _aeng | ||
| 082 | 0 | 0 |
_a823.6 _bJOH 1971 |
| 100 | 1 |
_aJohnson, Samuel, _d1709-1784. _955319 |
|
| 245 | 1 | 4 |
_aThe history of Rasselas : _cSamuel Johnson ; edited with an introduction by Geoffrey Tillotson and Brian Jenkins. _bPrince of Abissinia / |
| 260 |
_aLondon : _bOxford University Press, _cc1971. |
||
| 300 |
_axxx, 145 p. ; _c21 cm. |
||
| 504 | _aBibliography: p. xxv-xxvii. | ||
| 650 | 0 |
_aPrinces _xFiction. _962031 |
|
| 700 | 1 |
_aTillotson, Geoffrey, _d1905-1969. _962032 |
|
| 700 | 1 |
_aJenkins, Brian. _962033 |
|
| 830 | 0 |
_aOxford English novels _960267 |
|
| 942 |
_2ddc _cBK |
||
| 999 |
_c20132 _d20132 |
||